|
|
|
|
| LEADER |
00000nab a2200000 a 4500 |
| 001 |
vtls000881080 |
| 003 |
SK-MaSNL |
| 005 |
20260304112122.0 |
| 008 |
250429c2004 xo 0 slo |
| 015 |
|
|
|a SNBRB2004/08-22630
|
| 035 |
|
|
|a CLN000232602
|
| 035 |
|
|
|a urn:nbn:sk:snk-ab79ey
|
| 035 |
|
|
|a (uuid)a3da67b5-95d7-4e2d-aa6b-e6a1cfe9f251
|
| 035 |
|
|
|a (urnnbn)urn:nbn:sk:snk:ar-a07b5p
|
| 035 |
|
|
|a (sysno)vtls000881080
|
| 040 |
|
|
|a SNKBUCL
|b slo
|c SNKBUCL
|e AACR2
|
| 041 |
0 |
|
|a slo
|
| 044 |
|
|
|a xo
|c SK
|
| 080 |
|
|
|a 658.51:519.863
|2 1997
|
| 080 |
|
|
|a 519.863
|2 1997
|
| 100 |
1 |
|
|a Terek, Milan,
|d 1953-
|4 aut
|9 174537
|
| 245 |
1 |
0 |
|a Využitie experimentov pri robustných návrhoch parametrov výrobkov a procesov
|c Milan Terek, Anita Müllerová
|
| 300 |
|
|
|b Grafy, tab.
|
| 504 |
|
|
|a Bibliogr. odkazy
|
| 504 |
|
|
|a Res. angl., slov.
|
| 650 |
0 |
7 |
|a výrobky
|x procesy výrobné
|x optimalizácia
|x navrhovanie experimentov
|2 snkbucl
|9 1413594
|
| 655 |
|
7 |
|a články z novín a časopisov
|2 snkbucl
|9 267496
|
| 700 |
1 |
|
|a Müllerová, Anita
|4 aut
|9 801577
|
| 773 |
0 |
|
|t Ekonomika a informatika
|g Č. 1 (2004), s. 142-154
|x 1336-3514
|
| 850 |
|
|
|a Slovenská národná knižnica
|
| 852 |
|
|
|a Slovenská národná knižnica
|
| 954 |
|
|
|a odborná, vedecká literatúra pôvodná (slovenská)
|2 lita
|
| 958 |
|
|
|a article27
|
| 958 |
|
|
|a NB
|
| 958 |
|
|
|a OND
|
| 958 |
|
|
|a EUIPO
|
| 999 |
|
|
|c 2864301
|d 2866231
|